LEADER 01605nam a2200349 a 4500 001 000000126798 003 CaOOAMICUS 005 20111104105259.0 008 111104s2007 it aehf u000 u ita r 020 $a978-88-372-2227-7 040 $aPUL$bita 041 1 $aita$hlat$alat 082 04$a271.092 100 1 $aGuarinoni, Ippolito,$d1571-1654.$0(OLS)http://pul/name/80889 245 10$aDetti e fatti, profezie e segreti del frate cappuccino Tommaso da Bergamo /$cIppolito Guarinoni ; a cura di Daniela Marrone. 260 $aBrescia :$bMorcelliana,$c©2007. 300 $a230 p., XXXII p. di tav. :$bill., piante, facsim. ;$c23 cm 490 1 $aTestimoni 504 $aBibliografia in nota. 546 $aTesto latino a fronte. 600 04$aTommaso da Olera,$cO.F.M. Cap.,$d1567-1631.$0(OLS)http://pul/subject/38326 700 1 $aMarrone, Daniela.$0(OLS)http://pul/name/80890 700 1 $aTommaso da Olera,$cO.F.M. Cap.,$d1567-1631,$tDicta et acta, vatidica et arcana.$0(OLS)http://pul/name/80891 830 0$aTestimoni (Morcelliana).$0(OLS)http://pul/title/160005 850 $aPUL 852 $aPUL$W1$xSL Religione 3$y85$m271. 092 TOMOL 1$j146619$qDDC 21$B145317$CPULBib$Z2$F145317 $H118374 $82 941 1 $a9 996 $6020$a978-88-372-2227-7$9(OLS)http://pul/number/148353 996 $6082$a271.092$9(OLS)http://pul/classification/1861 996 $6245$aDetti e fatti, profezie e segreti del frate cappuccino Tommaso da Bergamo$9(OLS)http://pul/title/160180 996 $6260$aBrescia :$bMorcelliana$9(OLS)http://pul/publisher/47854 LEADER 01602nam a2200313 a 4500 001 000000153336 003 CaOOAMICUS 005 20160726102058.0 008 160726s2016 it 000 u ita r 020 $a978-88-6250-541-3* 032 $aLibriCat 040 $aPUL$bita 082 14$a956 100 1 $aVartui Karakhanian, Valentina.$0(OLS)http://pul/name/97627 245 13$aLa Santa Sede e lo sterminio degli armeni nell'Impero Ottomano : $bdai documenti dell'Archivio Segreto Vaticano e dell'Archivio Storico della Segreteria di Stato (1914-1918) /$cValentina Vartui Karakhanian, Omar Viganò ; prefazione di Antonia Arslan. 260 $aMilano :$bGuerini e associati,$c2016. 300 $aXII, 283 p. ;$c21 cm. 504 $aBibliografia in nota a piè pagina. 650 4$aArmeni e Santa Sede.$0(OLS)http://pul/subject/43600 700 1 $aArslan, Antonia.$0(OLS)http://pul/name/97628 700 1 $aViganò, Omar.$0(OLS)http://pul/name/97629 850 $aPUL 852 $aPUL$W1$xSL Cons. Gen., Altre Classi 3$y75$m956 VARVA 1$j176541$qDDC 21$B179040$CPULBib$Z2$F179040 $H128084 $81 941 1 $a9 996 $6020$a978-88-6250-541-3*$9(OLS)http://pul/number/160802 996 $6082$a956$9(OLS)http://pul/classification/2301 996 $6245$aLa Santa Sede e lo sterminio degli armeni nell'Impero Ottomano : $bdai documenti dell'Archivio Segreto Vaticano e dell'Archivio Storico della Segreteria di Stato (1914-1918)$9(OLS)http://pul/title/192779 996 $6260$aMilano :$bGuerini e associati$9(OLS)http://pul/publisher/54431